000 00598 a2200193 4500
001 61850
005 20260407155910.0
008 260407a1981 arg spa d
003 AR-UNSa-BCEJYS
040 _aAR-UNSa-BCEJYS
_bspa
_cAR-UNSa-BCEJYS
080 _a343.537
_xFraude en compras y contratos. Balances fraudulentos. Prospectos fraudulentos
245 1 0 _aLa sindicatura y el delito de balance falso
264 1 _aBuenos Aires :
_bAstrea
_c1981
300 _a106 p.
_c20 cm.
041 _aspa
942 _cBK
590 _aniveau_biblio:m niveau_hierar:0
100 1 _aVerón, Alberto Víctor
999 _c7440
_d7440